Государственная торговля. 1980, Вып.1: Изучение спроса населения для обоснования заявок на потребность в товарах народного потребления и заказов на их поставку в области (крае, АССР) (Запись № 2321024)

Подробности
000 -МАРКЕР
контрольное поле 01783nam2a22002531 4500
001 - ИДЕНТИФИКАТОР ЗАПИСИ
контрольное поле RU\NLR\INFOCOMM19\1000039559
005 - ИДЕНТИФИКАТОР ВЕРСИИ
контрольное поле 20250617161843.0
035 ## - ДРУГИЕ СИСТЕМНЫЕ НОМЕРА
Идентификатор записи (NLR Aleph) 002771264
100 ## - ДАННЫЕ ОБЩЕЙ ОБРАБОТКИ
Данные общей обработки 20040224d1980 |||y0rusy50 ca
101 0# - ЯЗЫК РЕСУРСА
Язык текста, звукозаписи и т.д. русский
102 ## - СТРАНА ПУБЛИКАЦИИ ИЛИ ПРОИЗВОДСТВА
Страна публикации российская федерация
105 ## - ПОЛЕ КОДИРОВАННЫХ ДАННЫХ: ТЕКСТОВЫЕ МАТЕРИАЛЫ, МОНОГРАФИЧЕСКИЕ
Кодированные данные о монографическом текстовом документе y |||||||||
200 1# - ЗАГЛАВИЕ И СВЕДЕНИЯ ОБ ОТВЕТСТВЕННОСТИ
Основное заглавие Изучение спроса населения для обоснования заявок на потребность в товарах народного потребления и заказов на их поставку в области (крае, АССР)
Первые сведения об ответственности В.Г. Беззубова и др.
210 ## - ПУБЛИКАЦИЯ, РАСПРОСТРАНЕНИЕ И ДР.
Дата издания, распространения и т.д. 1980
Место издания, распространения и т.д. Б. м.
461 #0 - УРОВЕНЬ НАБОРА
Встроенное поле 001RU\NLR\INFOCOMM19\1000039534
-- 2001#$aГосударственная торговля$iСерия "Изучение конъюнктуры торговли и спроса населения на товары народного потребления"$fМ-во торг. СССР. ЦНИИ науч., техн. и экон. информации в торговле и обществ. питании. Обзорная информация$v1980, Вып.1
Системный номер (АБИС) связанной записи 2320807
Место публикации М.
Дата публикации 1972-
Первые сведения об ответственности М-во торг. СССР. ЦНИИ науч., техн. и экон. информации в торговле и обществ. питании. Обзорная информация
Заглавие части Серия "Изучение конъюнктуры торговли и спроса населения на товары народного потребления"
Заглавие Государственная торговля
Номер тома 1980, Вып.1
700 #1 - ИМЯ ЛИЦА - ПЕРВИЧНАЯ ОТВЕТСТВЕННОСТЬ
Начальный элемент ввода Беззубова
Часть имени, кроме начального элемента ввода В.Г.
Код отношения Автор
801 #1 - ИСТОЧНИК ЗАПИСИ
Страна российская федерация
Организация InfoComm
Дата составления 20040224
801 #0 - ИСТОЧНИК ЗАПИСИ
Страна российская федерация
Организация NLR
Правила каталогизации PSBO
852 ## - МЕСТОНАХОЖДЕНИЕ И ШИФР ХРАНЕНИЯ
Идентификатор организации NLR
Шифр хранения (Call Number) П22/3609
942 ## - ДОПОЛНИТЕЛЬНЫЕ ЭЛЕМЕНТЫ ЗАПИСИ (АБИС)
Тип экземпляра АБИС Выпуск
980 ## - КОЛЛЕКЦИЯ
Название коллекции Национальная библиография
980 ## - КОЛЛЕКЦИЯ
Название коллекции Русская периодика

Нет доступных экземпляров.